| 000 | 00568nam a2200193Ia 4500 | ||
|---|---|---|---|
| 003 | GCL | ||
| 008 | 140319s9999 xx 000 0 ara d | ||
| 040 |
_aGCL / _cGCL |
||
| 082 | 0 | 4 |
_a813.083 _bم ف |
| 100 | 1 | _aمحمد احمد قمر | |
| 245 | 1 | 0 |
_aفى ربيع الحياة / _cمحمد احمد قمر |
| 260 |
_a[S.N] : _bدار الراتب الجامعية ، _c1984 |
||
| 300 | _a195 ص | ||
| 490 |
_aثلاثية قمر _v0 |
||
| 650 | 0 | 4 | _aالقصص العربية |
| 650 | 0 | 4 | _aمصر |
| 650 | 0 | 4 | _aالقصص الاجتماعية |
| 942 |
_2ddc _cBK |
||
| 999 |
_c41814 _d41814 |
||